| 000 | 00812nam a2200253Ia 4500 | ||
|---|---|---|---|
| 003 | OSt | ||
| 005 | 20220923215142.0 | ||
| 006 | a|||||r|||| 00| 0 | ||
| 007 | ta | ||
| 008 | 220922b |||||||| |||| 00| 0 hin d | ||
| 024 | _a176,021 | ||
| 037 | _cTextual | ||
| 040 |
_aARTS _cARTS _bhin |
||
| 041 |
_2hin _ahin |
||
| 082 | _aO152,1:g, M7 | ||
| 100 |
_aशुक्ल, शिवबालक _9156279 |
||
| 245 | 0 | _aहिन्दी के प्रबन्ध काव्य | |
| 246 | _aHindī ke prabandha kāvya | ||
| 260 |
_aकानपुर _b संचयन प्रकाशन _c1987 |
||
| 300 |
_a209 पृ. _ccm. |
||
| 650 | _aहिन्दी कविता | ||
| 942 |
_hO152,1:g, M7 _cTEXL _2CC |
||
| 999 |
_c329697 _d329697 |
||